01895 am a2200457 a 450000500170000000800410001702000150005804100080007324500540008125001320013526000540026730000160032150001180033765300340045565300570048965300390054665300300058565300720061565300330068765300430072065300260076365300420078965300530083165300660088465300340095065300200098465300170100465300240102165300460104565300450109165300480113665300630118465300390124765300260128670000210131270000200133370000210135370000210137470000210139570000210141620240223101557.0100629s2005||||sp a f |||| 001 0 spa d a8479035056 aspa aBiología molecular del gen / cJames D. Watson a5a ed. versión en español de la obra original en inglés / bTraducción Octavio Giovanello, Jorge Negrete y karina Tzal. aMadrid: bEditorial Médica Panamericana;c2005. a776 p.bil. aWatson, J. et al. (2005). Biología molecular del gen. (5a ed.). Buenos Aires : Editorial Médica Panamericana. aVisión mendeliana del mundo aAcidos nucleicos transmiten información genética aInteracciones químicas débiles aEnlaces de alta energía aEnlaces débiles y fuertes determinan la estructura macromolecular aEstructuras del DNA y el RNA aCromosomas, cromatinas y el nucleosoma aDuplicación del DNA aMutabilidad y la reparación del DNA aRecombinación homóloga en el nivel molecular aRecombinación especifica de sitio y transposición del DNA aMecanismos de transcripción aEmpalme del RNA aTraducción aCódigo genético aRegulación génica en los procariontes aRegulación génica en los eucariontes aRegulación génica durante el desarrollo aGenómica comparada y evolución de la diversidad animal aTécnicas de biología molecular aModelos de organismos1 aWatson, James D.1 aBaker, Tania A.1 aBell, Stephen P.1 aGann, Alexander.1 aLevine, Michael.1 aLosick, Richard.